| 000 | 00797cam a22002533a 4500 | ||
|---|---|---|---|
| 001 | 22515 | ||
| 003 | PGUSA | ||
| 005 | 20140828083458.0 | ||
| 008 | 070905s2007||||xxu|||||s|||||000 p eng d | ||
| 040 |
_aPGUSA _beng |
||
| 042 | _adc | ||
| 050 | 4 | _aPR | |
| 245 | 1 | 4 |
_aThe Modern Scottish Minstrel, Volumes I-VI. : _bThe Songs of Scotland of the Past Half Century _h[electronic resource] |
| 260 |
_bProject Gutenberg, _c2007 |
||
| 506 | _aPublic domain in the USA. | ||
| 516 | _aElectronic text | ||
| 653 | _aScotland -- Poetry | ||
| 653 | _aSongs, Scottish Gaelic -- Texts | ||
| 653 | _aScottish Gaelic poetry -- Translations into English | ||
| 700 | 1 |
_aRogers, Charles, _d1825-1890 |
|
| 830 | 0 |
_aProject Gutenberg _v22515 |
|
| 856 | 4 | 0 | _uhttp://www.gutenberg.org/ebooks/22515 |
| 942 | _cEB | ||
| 999 |
_c251770 _d251770 |
||